[Event "Titled Tuesday intern op 7th Mar Late"]
[Site "Chess.com INT"]
[Date "2023.03.07"]
[Round "3"]
[White "Aalto, Patrik"]
[Black "Gerzhoy, Leonid"]
[Result "0-1"]
[WhiteElo "2239"]
[BlackElo "2348"]
[PlyCount "71"]
[EventDate "2023.03.07"]
[EventType "swiss (blitz)"]
[EventRounds "11"]
[EventCountry "USA"]
[SourceTitle "EXT 2024"]
[Source "ChessBase"]
[SourceDate "2023.10.10"]
[SourceVersion "1"]
[SourceVersionDate "2023.10.10"]
[SourceQuality "1"]

1. d4 Nf6 2. c4 d6 3. g3 e5 4. dxe5 dxe5 5. Qxd8+ Kxd8 6. Bg2 c6 7. Nc3 Bb4 8. Bg5 Bxc3+ 9. bxc3 Ke7 10. 0-0-0 Be6 11. Nf3 Nbd7 12. Nd2 h6 13. Bxf6+ Nxf6 14. Kb2 Rhd8 15. c5 Rd7 16. Ne4 Nxe4 17. Bxe4 Rad8 18. Rxd7+ Rxd7 19. Kc2 f5 20. Bg2 e4 21. a3 Bc4 22. e3 Rd5 23. g4 Rxc5 24. gxf5 Rxf5 25. Bxe4 Rxf2+ 26. Kb1 Rf1+ 27. Rxf1 Bxf1 28. Kc2 Kd6 29. Bf3 b5 30. Kd2 a5 31. h4 g5 32. hxg5 hxg5 33. e4 c5 34. Ke3 Ke5 35. Bg4 b4 36. c4 0-1

[Event "Titled Tuesday intern op 28th Feb Late"]
[Site "Chess.com INT"]
[Date "2023.02.28"]
[Round "10"]
[White "Gerzhoy, Leonid"]
[Black "Plotkin, Victor"]
[Result "0-1"]
[WhiteElo "2348"]
[BlackElo "2176"]
[PlyCount "80"]
[EventDate "2023.02.28"]
[EventType "swiss (blitz)"]
[EventRounds "11"]
[EventCountry "USA"]
[SourceTitle "CBM 213 Extra"]
[Source "ChessBase"]
[SourceDate "2023.05.31"]
[SourceVersion "1"]
[SourceVersionDate "2023.05.31"]
[SourceQuality "1"]

1. d4 d5 2. c4 e6 3. Nc3 Nf6 4. Nf3 c5 5. e3 cxd4 6. exd4 Nc6 7. a3 dxc4 8. Bxc4 Be7 9. 0-0 0-0 10. d5 exd5 11. Nxd5 Nxd5 12. Qxd5 Be6 13. Qxd8 Nxd8 14. Bxe6 Nxe6 15. Be3 Bf6 16. Rab1 Rfd8 17. b4 a6 18. a4 Nd4 19. Bxd4 Bxd4 20. b5 a5 21. g3 Kf8 22. Kg2 Rac8 23. Rbc1 Bf6 24. Rfd1 Rxc1 25. Rxc1 Rd7 26. Rc8+ Ke7 27. Ra8 Bc3 28. h4 Kd6 29. Rc8 Rc7 30. Rxc7 Kxc7 31. Kf1 Kd6 32. Ke2 Kc5 33. Kd3 Bf6 34. Nd2 Kb4 35. Ne4 Kxa4 36. Kc4 Be7 37. b6 Ka3 38. Kb5 Bb4 39. Ng5 Kb3 40. Nf3 Bc3 0-1

[Event "Titled Tuesday intern op 28th Feb Late"]
[Site "Chess.com INT"]
[Date "2023.02.28"]
[Round "9"]
[White "Sokac, Marko"]
[Black "Gerzhoy, Leonid"]
[Result "1/2-1/2"]
[WhiteElo "2265"]
[BlackElo "2348"]
[PlyCount "84"]
[EventDate "2023.02.28"]
[EventType "swiss (blitz)"]
[EventRounds "11"]
[EventCountry "USA"]
[SourceTitle "CBM 213 Extra"]
[Source "ChessBase"]
[SourceDate "2023.05.31"]
[SourceVersion "1"]
[SourceVersionDate "2023.05.31"]
[SourceQuality "1"]

1. e4 d6 2. Nc3 Nf6 3. d4 e5 4. Nf3 Nc6 5. h3 Be7 6. g4 0-0 7. g5 Nh5 8. d5 Nd4 9. Nxd4 exd4 10. Qxh5 dxc3 11. bxc3 f5 12. g6 hxg6 13. Qxg6 Qe8 14. Qxe8 Rxe8 15. Bd2 fxe4 16. Be2 Rf8 17. Be3 Bf6 18. Kd2 Be5 19. Rag1 Bd7 20. Bg4 Bxg4 21. Rxg4 Rf5 22. Rxe4 Bf6 23. c4 b5 24. Kd3 bxc4+ 25. Kxc4 Rb8 26. Rg1 Rb2 27. Bd4 Rxc2+ 28. Kd3 Rxa2 29. Bxf6 Rxf6 30. Re8+ Kh7 31. Re7 Rg6 32. Rxg6 Kxg6 33. Rxc7 Rxf2 34. Rxa7 Rf3+ 35. Ke4 Rxh3 36. Ra6 Rh4+ 37. Kf3 Kf5 38. Rxd6 Ke5 39. Rd7 Rd4 40. Rxg7 Rxd5 41. Rg5+ Kd4 42. Rxd5+ Kxd5 1/2-1/2

[Event "Titled Tuesday intern op 14th Sept"]
[Site "Chess.com INT"]
[Date "2021.09.14"]
[Round "7"]
[White "Hasman, Cengiz"]
[Black "Gerzhoy, Leonid"]
[Result "0-1"]
[WhiteElo "2101"]
[BlackElo "2348"]
[PlyCount "60"]
[EventDate "2021.09.14"]
[EventType "swiss (blitz)"]
[EventRounds "11"]
[EventCountry "USA"]
[SourceTitle "EXT 2022"]
[Source "ChessBase"]
[SourceDate "2021.10.06"]
[SourceVersion "1"]
[SourceVersionDate "2021.10.06"]
[SourceQuality "1"]

1. d4 Nf6 2. c4 d6 3. Nc3 e5 4. Nf3 Nbd7 5. e4 Be7 6. g3 0-0 7. Bg2 c6 8. 0-0 a6 9. a4 a5 10. Qc2 Re8 11. Rd1 Bf8 12. h3 exd4 13. Nxd4 Nc5 14. f3 g6 15. Bg5 Bg7 16. Qd2 Qb6 17. Kh2 Nfd7 18. Ra3 Ne5 19. Qe2 Qb4 20. Bf1 Nxc4 21. Qxc4 Qxb2+ 22. Rd2 Qxa3 23. f4 Qb4 24. f5 Be5 25. Bf4 Nxa4 26. Bxe5 dxe5 27. fxg6 hxg6 28. Qxb4 axb4 29. Nxa4 Rxa4 30. Nf3 b3 0-1

[Event "Titled Tuesday intern op 07th Sept"]
[Site "Chess.com INT"]
[Date "2021.09.07"]
[Round "10"]
[White "Gerzhoy, Leonid"]
[Black "Chernomordik, Pavel"]
[Result "1/2-1/2"]
[WhiteElo "2348"]
[BlackElo "2182"]
[PlyCount "127"]
[EventDate "2021.09.07"]
[EventType "swiss (blitz)"]
[EventRounds "11"]
[EventCountry "USA"]
[SourceTitle "EXT 2022"]
[Source "ChessBase"]
[SourceDate "2021.10.06"]
[SourceVersion "1"]
[SourceVersionDate "2021.10.06"]
[SourceQuality "1"]

1. d4 g6 2. Bg5 Bg7 3. c3 d6 4. Nd2 h6 5. Bh4 c5 6. e3 Nf6 7. Ngf3 0-0 8. Bd3 b6 9. 0-0 Bb7 10. Qe2 a6 11. e4 Nh5 12. Bg3 Nxg3 13. hxg3 Nd7 14. e5 dxe5 15. dxe5 e6 16. Nc4 Qc7 17. Be4 Bxe4 18. Qxe4 b5 19. Nd6 Nxe5 20. Nxe5 Qxd6 21. Nf3 Qd5 22. Qe2 Rfd8 23. Rfd1 Qc6 24. Rxd8+ Rxd8 25. Rd1 Rxd1+ 26. Qxd1 Qd5 27. Qxd5 exd5 28. Kf1 Kf8 29. Ke2 Ke7 30. Kd3 Kd6 31. b3 c4+ 32. bxc4 bxc4+ 33. Kc2 Kc5 34. Nd2 f5 35. Nf1 d4 36. cxd4+ Bxd4 37. f3 Kb4 38. Nd2 h5 39. g4 Be3 40. Nf1 Bf4 41. gxh5 gxh5 42. g3 Bh6 43. f4 h4 44. gxh4 Bxf4 45. Nd2 Be5 46. h5 Bg7 47. a3+ Kc5 48. Nf3 Kd5 49. Nd2 Bh6 50. Nf3 Ke4 51. Nd2+ Kd4 52. Nf3+ Kd5 53. Nh4 Ke4 54. Ng6 f4 55. Nh4 f3 56. Nxf3 Kxf3 57. Kc3 Bf8 58. a4 Kg4 59. Kxc4 Kxh5 60. a5 Be7 61. Kd5 Bd8 62. Kc6 Bxa5 63. Kb7 Bb4 64. Kxa6 1/2-1/2

[Event "Titled Tuesday intern op 07th Sept"]
[Site "Chess.com INT"]
[Date "2021.09.07"]
[Round "5"]
[White "Gerzhoy, Leonid"]
[Black "Tatarinov, Dmitry"]
[Result "0-1"]
[WhiteElo "2348"]
[BlackElo "2320"]
[PlyCount "58"]
[EventDate "2021.09.07"]
[EventType "swiss (blitz)"]
[EventRounds "11"]
[EventCountry "USA"]
[SourceTitle "EXT 2022"]
[Source "ChessBase"]
[SourceDate "2021.10.06"]
[SourceVersion "1"]
[SourceVersionDate "2021.10.06"]
[SourceQuality "1"]

1. d4 Nf6 2. Nf3 e6 3. e3 d5 4. Bd3 Be7 5. 0-0 0-0 6. b3 b6 7. Bb2 Bb7 8. c4 c5 9. Nc3 cxd4 10. exd4 Nc6 11. Rc1 Rc8 12. Re1 Re8 13. cxd5 Nxd5 14. Nxd5 Qxd5 15. Be4 Qa5 16. d5 exd5 17. Qxd5 Qxa2 18. Qd7 Qxb2 19. Qxb7 Bc5 20. Bxc6 Rf8 21. Rf1 Bxf2+ 22. Kh1 a5 23. Rcd1 Bc5 24. Bd5 Rce8 25. Ng5 Re7 26. Bxf7+ Kh8 27. Qd5 Re5 28. Qf3 Rxg5 29. Bc4 g6 0-1

[Event "Titled Tuesday intern op 07th Sept"]
[Site "Chess.com INT"]
[Date "2021.09.07"]
[Round "1"]
[White "Lamotte Tavares, Patrick"]
[Black "Gerzhoy, Leonid"]
[Result "1/2-1/2"]
[WhiteElo "1914"]
[BlackElo "2348"]
[PlyCount "77"]
[EventDate "2021.09.07"]
[EventType "swiss (blitz)"]
[EventRounds "11"]
[EventCountry "USA"]
[SourceTitle "EXT 2022"]
[Source "ChessBase"]
[SourceDate "2021.10.06"]
[SourceVersion "1"]
[SourceVersionDate "2021.10.06"]
[SourceQuality "1"]

1. Nf3 Nf6 2. b3 d5 3. Bb2 Bg4 4. Ne5 Bh5 5. d3 Nbd7 6. Nd2 Nxe5 7. Bxe5 e6 8. g3 Bd6 9. Bxd6 Qxd6 10. Bg2 0-0 11. 0-0 c6 12. Qe1 e5 13. e4 dxe4 14. Nxe4 Nxe4 15. Qxe4 f5 16. Qc4+ Bf7 17. Qc3 Bd5 18. Bxd5+ Qxd5 19. Rfe1 Rae8 20. Rad1 b6 21. Rd2 Re6 22. Rde2 Rfe8 23. a4 c5 24. a5 b5 25. b4 cxb4 26. Qxb4 a6 27. Qb2 e4 28. dxe4 Rxe4 29. Rxe4 Rxe4 30. Rxe4 Qxe4 31. Qc3 Qe6 32. Qd4 h6 33. h4 Qe4 34. Qd8+ Kh7 35. Qd2 Qf3 36. Qd4 Qe4 37. Qd2 Qf3 38. Qd4 Qe4 39. Qd2 1/2-1/2

[Event "Titled Tuesday intern op 07th Sept"]
[Site "Chess.com INT"]
[Date "2021.09.07"]
[Round "3"]
[White "Md Jamal, Uddin"]
[Black "Gerzhoy, Leonid"]
[Result "0-1"]
[WhiteElo "2054"]
[BlackElo "2348"]
[PlyCount "50"]
[EventDate "2021.09.07"]
[EventType "swiss (blitz)"]
[EventRounds "11"]
[EventCountry "USA"]
[SourceTitle "EXT 2022"]
[Source "ChessBase"]
[SourceDate "2021.10.06"]
[SourceVersion "1"]
[SourceVersionDate "2021.10.06"]
[SourceQuality "1"]

1. e4 d6 2. Nf3 Nf6 3. d4 Nxe4 4. Bd3 d5 5. 0-0 Bg4 6. c4 e6 7. cxd5 exd5 8. Nc3 Nxc3 9. bxc3 Be7 10. Re1 0-0 11. Qc2 Bxf3 12. Bxh7+ Kh8 13. gxf3 g6 14. Bxg6 fxg6 15. Qxg6 Rg8 16. Qxg8+ Qxg8+ 17. Kh1 Qf7 18. f4 Nd7 19. Re3 Nf8 20. Bd2 Bd6 21. Rg1 Nh7 22. Rh3 Rg8 23. Re1 Qf5 24. Rh6 Qg4 25. Rxh7+ Kxh7 0-1

[Event "Titled Tuesday intern op 31st Aug"]
[Site "Chess.com INT"]
[Date "2021.08.31"]
[Round "5"]
[White "Gerzhoy, Leonid"]
[Black "Bortnyk, Olexandr"]
[Result "0-1"]
[WhiteElo "2348"]
[BlackElo "2604"]
[PlyCount "110"]
[EventDate "2021.08.31"]
[EventType "swiss (blitz)"]
[EventRounds "11"]
[EventCountry "USA"]
[SourceTitle "EXT 2022"]
[Source "ChessBase"]
[SourceDate "2021.10.06"]
[SourceVersion "1"]
[SourceVersionDate "2021.10.06"]
[SourceQuality "1"]

1. d4 f5 2. Nf3 Nf6 3. Bg5 Ne4 4. Bh4 c6 5. Nbd2 d5 6. e3 Be6 7. Nxe4 fxe4 8. Nd2 g6 9. c4 a6 10. cxd5 cxd5 11. Be2 Bg7 12. 0-0 0-0 13. f3 exf3 14. Nxf3 Nc6 15. Ng5 Bf5 16. Bd3 Qd7 17. Bxf5 Rxf5 18. Rxf5 Qxf5 19. Qf3 Qxf3 20. Nxf3 h6 21. Rc1 e6 22. Bg3 a5 23. Ne5 Bxe5 24. Bxe5 a4 25. Kf2 Ra5 26. Ke2 Rb5 27. Rc2 Kf7 28. g4 Nxe5 29. dxe5 Rb4 30. h3 Ke8 31. Kd3 Kd7 32. Rf2 g5 33. Rf7+ Kd8 34. Rf2 Ke7 35. Rc2 b5 36. a3 Re4 37. Rc7+ Kd8 38. Rb7 Rxe5 39. Rxb5 Re4 40. Rc5 Kd7 41. Rc2 h5 42. gxh5 Rh4 43. Rg2 Rxh5 44. Rg3 Kd6 45. e4 Ke5 46. exd5 exd5 47. Ke3 d4+ 48. Kd3 Kf4 49. Rg4+ Kf5 50. Rg3 Ke5 51. Rf3 Rh8 52. Rg3 Kf4 53. Rg4+ Kf5 54. Rxd4 Rxh3+ 55. Kc4 Rh4 0-1

[Event "Titled Tuesday intern op 31st Aug"]
[Site "Chess.com INT"]
[Date "2021.08.31"]
[Round "9"]
[White "Gerzhoy, Leonid"]
[Black "Lopez Gracia, Fernando"]
[Result "1/2-1/2"]
[WhiteElo "2348"]
[BlackElo "2289"]
[PlyCount "80"]
[EventDate "2021.08.31"]
[EventType "swiss (blitz)"]
[EventRounds "11"]
[EventCountry "USA"]
[SourceTitle "EXT 2022"]
[Source "ChessBase"]
[SourceDate "2021.10.06"]
[SourceVersion "1"]
[SourceVersionDate "2021.10.06"]
[SourceQuality "1"]

1. d4 Nf6 2. Nf3 e6 3. e3 c5 4. Bd3 b6 5. 0-0 Bb7 6. c4 Be7 7. Nc3 0-0 8. d5 exd5 9. cxd5 d6 10. e4 a6 11. a4 Nbd7 12. h3 Re8 13. Bf4 Bf8 14. Nd2 Ne5 15. Be2 Rc8 16. Bh2 c4 17. Bxe5 Rxe5 18. Nxc4 Re7 19. Qd4 b5 20. axb5 axb5 21. Ne3 Nd7 22. Bxb5 Nc5 23. b4 Nb3 24. Qd3 Nxa1 25. Rxa1 Rec7 26. Bc6 Bxc6 27. dxc6 Rxc6 28. Ncd5 Rc1+ 29. Rxc1 Rxc1+ 30. Kh2 g6 31. b5 Bh6 32. b6 Rc8 33. b7 Rb8 34. Qa6 Bxe3 35. fxe3 Qg5 36. Qc6 Qe5+ 37. Kg1 Qa1+ 38. Kh2 Qe5+ 39. Kg1 Qa1+ 40. Kh2 Qe5+ 1/2-1/2

[Event "Titled Tuesday intern op 17th Aug"]
[Site "Chess.com INT"]
[Date "2021.08.17"]
[Round "9"]
[White "Gerzhoy, Leonid"]
[Black "Kovalev, Vladislav"]
[Result "0-1"]
[WhiteElo "2348"]
[BlackElo "2637"]
[PlyCount "116"]
[EventDate "2021.08.17"]
[EventType "swiss (blitz)"]
[EventRounds "11"]
[EventCountry "USA"]
[SourceTitle "EXT 2022"]
[Source "ChessBase"]
[SourceDate "2021.10.06"]
[SourceVersion "1"]
[SourceVersionDate "2021.10.06"]
[SourceQuality "1"]

1. d4 Nf6 2. Nf3 g6 3. Bg5 Bg7 4. Nbd2 0-0 5. e4 d6 6. c3 c5 7. d5 e6 8. dxe6 Bxe6 9. Bc4 d5 10. exd5 Bxd5 11. 0-0 Nc6 12. Bxd5 Qxd5 13. Qb3 Qxb3 14. axb3 Rfe8 15. Bxf6 Bxf6 16. Nc4 Rad8 17. Rad1 b5 18. Ne3 Na5 19. Ra1 Nxb3 20. Rxa7 Nd2 21. Nxd2 Rxd2 22. Rc7 c4 23. Rb7 Rxb2 24. Nxc4 Rb3 25. Nd6 Re6 26. Nxb5 Bxc3 27. Nd6 Rxb7 28. Nxb7 Bb4 29. Rd1 Re7 30. Nd8 Rc7 31. g3 Be7 32. Kg2 Kf8 33. Rd3 Ke8 34. Nxf7 Kxf7 35. h4 Bf6 36. Rf3 Re7 37. Rd3 Kg7 38. Rf3 Bd4 39. Rd3 Ba7 40. Rc3 Rf7 41. f4 Re7 42. Kf3 Bd4 43. Rd3 Ba7 44. g4 Kf6 45. g5+ Kf7 46. Rd6 Bb8 47. Rf6+ Kg7 48. f5 Be5 49. Re6 Rxe6 50. fxe6 Kf8 51. Ke4 Bg3 52. h5 Ke7 53. hxg6 hxg6 54. Kd5 Bh2 55. Ke4 Kxe6 56. Kf3 Kf5 57. Kg2 Bf4 58. Kf3 Bxg5 0-1

[Event "Titled Tuesday intern op 03rd Aug"]
[Site "Chess.com INT"]
[Date "2021.08.03"]
[Round "3"]
[White "Gerzhoy, Leonid"]
[Black "Tomiello, Mateus Costamilan"]
[Result "1-0"]
[WhiteElo "2348"]
[BlackElo "2042"]
[PlyCount "59"]
[EventDate "2021.08.03"]
[EventType "swiss (blitz)"]
[EventRounds "11"]
[EventCountry "USA"]
[SourceTitle "CBM 203 Extra"]
[Source "ChessBase"]
[SourceDate "2021.09.30"]
[SourceVersion "1"]
[SourceVersionDate "2021.09.30"]
[SourceQuality "1"]

1. d4 d5 2. c4 c6 3. cxd5 cxd5 4. Nc3 Nf6 5. Nf3 Nc6 6. Bf4 e6 7. e3 a6 8. Bd3 Bd6 9. Bg3 0-0 10. 0-0 Qc7 11. Rc1 Bd7 12. Ne5 Rac8 13. Na4 Ne4 14. Bxe4 dxe4 15. Nc5 Bxe5 16. dxe5 Rfd8 17. Nxe4 Qa5 18. Bh4 Qxe5 19. Bxd8 Rxd8 20. Nc5 Bc8 21. Qb3 Na5 22. Qb6 Nc6 23. Nxb7 Bxb7 24. Qxb7 Na5 25. Qxa6 h5 26. b4 h4 27. Qxa5 Qe4 28. Qxd8+ Kh7 29. Qd4 Qg6 30. Qxh4+ 1-0

[Event "Titled Tuesday intern op 03rd Aug"]
[Site "Chess.com INT"]
[Date "2021.08.03"]
[Round "4"]
[White "Shahade, Gregory P"]
[Black "Gerzhoy, Leonid"]
[Result "1-0"]
[WhiteElo "2476"]
[BlackElo "2348"]
[PlyCount "63"]
[EventDate "2021.08.03"]
[EventType "swiss (blitz)"]
[EventRounds "11"]
[EventCountry "USA"]
[SourceTitle "CBM 203 Extra"]
[Source "ChessBase"]
[SourceDate "2021.09.30"]
[SourceVersion "1"]
[SourceVersionDate "2021.09.30"]
[SourceQuality "1"]

1. e4 d6 2. d4 Nf6 3. Nc3 e5 4. Nge2 Be7 5. g3 0-0 6. Bg2 a6 7. a4 b6 8. 0-0 Bb7 9. h3 Nbd7 10. Be3 Re8 11. Qd2 Bf8 12. d5 c6 13. dxc6 Bxc6 14. Rad1 Nc5 15. Bxc5 dxc5 16. Qe3 Qc7 17. Nd5 Bxd5 18. exd5 Rad8 19. Nc3 c4 20. Rfe1 Bc5 21. Qe2 Bd4 22. g4 Qc5 23. g5 Bxc3 24. bxc3 Nd7 25. d6 Nf8 26. Rd5 Qa3 27. Qxc4 Rxd6 28. Rdxe5 Rxe5 29. Rxe5 Qc1+ 30. Kh2 Qxc2 31. Qf4 Qxc3 32. Re7 1-0

[Event "Chicago op 27th"]
[Site "Chicago"]
[Date "2018.05.26"]
[Round "5"]
[White "Gerzhoy, Leonid"]
[Black "Li, Ruifeng"]
[Result "0-1"]
[WhiteElo "2425"]
[BlackElo "2587"]
[PlyCount "50"]
[EventDate "2018.05.24"]
[EventType "swiss"]
[EventRounds "9"]
[EventCountry "USA"]
[SourceTitle "CBM 184 Extra"]
[Source "ChessBase"]
[SourceDate "2018.06.28"]
[SourceVersion "1"]
[SourceVersionDate "2018.06.28"]
[SourceQuality "1"]

1. d4 d5 2. c4 c6 3. Nc3 Nf6 4. e3 e6 5. Nf3 Nbd7 6. Qc2 Bd6 7. Bd3 dxc4 8. Bxc4 b5 9. Bd3 Bb7 10. 0-0 0-0 11. a3 a5 12. Bd2 Rc8 13. e4 e5 14. Ne2 c5 15. dxe5 Nxe5 16. Nxe5 c4 17. Nxc4 bxc4 18. Bxc4 Bxe4 19. Qb3 Bxh2+ 20. Kxh2 Qxd2 21. f3 Bc2 22. Qb5 Qd6+ 23. Kg1 Rc5 24. Qa6 Rc6 25. Qb5 Rb8 0-1

[Event "Oakville Winter op"]
[Site "Oakville"]
[Date "2018.02.04"]
[Round "4"]
[White "Cormier, Adam"]
[Black "Gerzhoy, Leonid"]
[Result "1/2-1/2"]
[WhiteElo "1949"]
[BlackElo "2430"]
[PlyCount "47"]
[EventDate "2018.02.02"]
[EventType "swiss"]
[EventRounds "5"]
[EventCountry "CAN"]
[SourceTitle "EXT 2024"]
[Source "ChessBase"]
[SourceDate "2023.10.10"]
[SourceVersion "1"]
[SourceVersionDate "2023.10.10"]
[SourceQuality "1"]

1. d4 d5 2. c4 e6 3. Nf3 c6 4. Nbd2 f5 5. g3 Nf6 6. Bg2 Bd6 7. b3 0-0 8. Bb2 b6 9. 0-0 Bb7 10. Rc1 Qe7 11. Ne5 a5 12. f3 Na6 13. e4 fxe4 14. fxe4 c5 15. cxd5 exd5 16. exd5 cxd4 17. Nc6 Bxc6 18. dxc6 Rad8 19. Re1 Qf7 20. Qe2 d3 21. Qe6 Qxe6 22. Rxe6 Bc5+ 23. Kh1 Nc7 24. Bxf6 1/2-1/2

[Event "Oakville Winter op"]
[Site "Oakville"]
[Date "2018.02.03"]
[Round "2"]
[White "Duong, Thanh Nha"]
[Black "Gerzhoy, Leonid"]
[Result "1/2-1/2"]
[WhiteElo "2168"]
[BlackElo "2430"]
[PlyCount "49"]
[EventDate "2018.02.02"]
[EventType "swiss"]
[EventRounds "5"]
[EventCountry "CAN"]
[SourceTitle "EXT 2024"]
[Source "ChessBase"]
[SourceDate "2023.10.10"]
[SourceVersion "1"]
[SourceVersionDate "2023.10.10"]
[SourceQuality "1"]

1. d4 Nf6 2. c4 d6 3. Nf3 Nbd7 4. Bf4 g6 5. Nc3 Bg7 6. e3 0-0 7. Be2 b6 8. 0-0 Bb7 9. h3 Ne4 10. Qc2 Nxc3 11. Qxc3 c5 12. Rac1 cxd4 13. exd4 Rc8 14. Qe3 Re8 15. b3 e5 16. dxe5 Nxe5 17. Nxe5 Bxe5 18. Bxe5 Rxe5 19. Qd2 Qe7 20. Bd3 d5 21. cxd5 Rxc1 22. Qxc1 Rxd5 23. Re1 Re5 24. Rxe5 Qxe5 25. Bf1 1/2-1/2

[Event "CAN-ch"]
[Site "Guelph"]
[Date "2015.07.15"]
[Round "8"]
[White "Gerzhoy, Leonid"]
[Black "Peredun, Andrew"]
[Result "1-0"]
[WhiteElo "2419"]
[BlackElo "2243"]
[PlyCount "77"]
[EventDate "2015.07.10"]
[EventType "swiss"]
[EventRounds "9"]
[EventCountry "CAN"]
[SourceTitle "CBM 167 Extra"]
[Source "ChessBase"]
[SourceDate "2015.09.14"]
[SourceVersion "1"]
[SourceVersionDate "2015.09.14"]
[SourceQuality "1"]

1. e4 e5 2. Nf3 Nc6 3. Be2 d6 4. 0-0 f5 5. d3 Nf6 6. Nbd2 Be7 7. c3 0-0 8. Qb3+ Kh8 9. exf5 Bxf5 10. Qxb7 Qe8 11. Qb3 Nd7 12. Ne4 Rb8 13. Qd1 d5 14. Ng3 Be6 15. d4 e4 16. Ne1 Bd6 17. f4 Ne7 18. Nc2 g6 19. c4 c6 20. c5 Bc7 21. b4 Nf6 22. a4 h5 23. b5 h4 24. Nh1 Nh5 25. g3 Bh3 26. Rf2 Nf5 27. Ra3 e3 28. Nxe3 Nf6 29. g4 Nh6 30. g5 Ne4 31. gxh6 Rxf4 32. Rxf4 Bxf4 33. Nxd5 Bxc1 34. Qxc1 Qd7 35. Qf4 Re8 36. Rxh3 Qxh3 37. Nf2 Qe6 38. Nxe4 cxd5 39. Ng5 1-0

[Event "CAN-ch"]
[Site "Guelph"]
[Date "2015.07.14"]
[Round "7"]
[White "Preotu, Razvan"]
[Black "Gerzhoy, Leonid"]
[Result "0-1"]
[WhiteElo "2452"]
[BlackElo "2419"]
[PlyCount "142"]
[EventDate "2015.07.10"]
[EventType "swiss"]
[EventRounds "9"]
[EventCountry "CAN"]
[SourceTitle "CBM 167 Extra"]
[Source "ChessBase"]
[SourceDate "2015.09.14"]
[SourceVersion "1"]
[SourceVersionDate "2015.09.14"]
[SourceQuality "1"]

1. e4 d6 2. d4 Nf6 3. Nc3 e5 4. Nf3 Nbd7 5. Bc4 Be7 6. 0-0 0-0 7. a4 a5 8. Re1 c6 9. h3 Re8 10. Bb3 h6 11. Be3 Qc7 12. Nh4 Nf8 13. Qf3 exd4 14. Bxd4 Ne6 15. Be3 Ng5 16. Bxg5 hxg5 17. Nf5 Bd8 18. Rad1 Bxf5 19. Qxf5 Re5 20. Qf3 Qe7 21. Re2 Bb6 22. Rde1 Re8 23. Bc4 g6 24. Bd3 Kg7 25. g4 Nd7 26. Nb1 Re6 27. Nd2 Ne5 28. Qg3 Rf6 29. Kg2 Rf4 30. Nc4 Nxc4 31. Bxc4 Qf6 32. b3 Bd4 33. f3 Bc5 34. Bd3 Rh8 35. Rh1 Bd4 36. Ree1 Rh4 37. Ref1 Qe5 38. Qe1 Bc3 39. Qf2 d5 40. exd5 cxd5 41. Qb6 Qe7 42. Qb5 Rh8 43. Qb6 Rf6 44. Qf2 Qe5 45. h4 Bd4 46. Re1 Qf4 47. Qg3 Qxg3+ 48. Kxg3 gxh4+ 49. Kg2 Re6 50. Rxe6 fxe6 51. Re1 e5 52. c4 dxc4 53. Bxc4 Kf6 54. Kh3 Kg5 55. Bd5 b6 56. Rc1 Rd8 57. Be4 Bc5 58. Rc2 Rd1 59. Re2 Bd4 60. Rc2 Kf4 61. Rc6 g5 62. Rc2 Ke3 63. Kg2 Re1 64. Kh3 Rg1 65. Kh2 Rg3 66. Rc7 Rxf3 67. Bxf3 Kxf3 68. Kh3 e4 69. Rf7+ Ke2 70. Rf5 e3 71. Rxg5 Kd3 0-1

[Event "Philadelphia op 9th"]
[Site "Philadelphia"]
[Date "2015.04.05"]
[Round "8"]
[White "Gerzhoy, Leonid"]
[Black "Checa, Nicolas D"]
[Result "0-1"]
[WhiteElo "2430"]
[BlackElo "2289"]
[PlyCount "114"]
[EventDate "2015.04.01"]
[EventType "swiss"]
[EventRounds "9"]
[EventCountry "USA"]
[SourceTitle "CBM 165 Extra"]
[Source "ChessBase"]
[SourceDate "2015.04.21"]
[SourceVersion "1"]
[SourceVersionDate "2015.04.21"]
[SourceQuality "1"]

1. e4 e6 2. d4 d5 3. Nd2 c5 4. exd5 Qxd5 5. Ngf3 cxd4 6. Bc4 Qd6 7. 0-0 Nf6 8. Re1 Nc6 9. Ne4 Nxe4 10. Rxe4 Be7 11. Nxd4 Bf6 12. Bf4 Qd7 13. Nxc6 Qxc6 14. Bd3 0-0 15. Be5 Bxe5 16. Rxe5 Qc7 17. Re3 b6 18. Rh3 g6 19. Qd2 Qe5 20. Qh6 Qg7 21. Qxg7+ Kxg7 22. Be4 Rb8 23. Rd1 Bb7 24. Bxb7 Rxb7 25. Rc3 Kf6 26. f4 Re8 27. Kf2 e5 28. Rc6+ Kg7 29. Re1 Rbe7 30. fxe5 Rxe5 31. Rxe5 Rxe5 32. b4 h5 33. a4 Re4 34. c4 Kh6 35. a5 b5 36. cxb5 Rxb4 37. Rc5 f5 38. a6 Rb2+ 39. Kf3 Kg5 40. h3 Rb3+ 41. Ke2 Kf4 42. Kd2 Ke4 43. Kc2 Kd4 44. Rc7 Rxb5 45. Rxa7 Ra5 46. Rd7+ Ke3 47. Rd6 g5 48. Kb3 g4 49. hxg4 hxg4 50. Kb4 Ra2 51. Rf6 f4 52. Kb5 Rxg2 53. a7 Rb2+ 54. Ka6 Ra2+ 55. Kb7 Rxa7+ 56. Kxa7 g3 57. Kb6 g2 0-1

[Event "Philadelphia op 9th"]
[Site "Philadelphia"]
[Date "2015.04.03"]
[Round "4"]
[White "Dreev, Alexey"]
[Black "Gerzhoy, Leonid"]
[Result "1-0"]
[WhiteElo "2643"]
[BlackElo "2430"]
[PlyCount "113"]
[EventDate "2015.04.01"]
[EventType "swiss"]
[EventRounds "9"]
[EventCountry "USA"]
[SourceTitle "CBM 165 Extra"]
[Source "ChessBase"]
[SourceDate "2015.04.21"]
[SourceVersion "1"]
[SourceVersionDate "2015.04.21"]
[SourceQuality "1"]

1. d4 d5 2. c4 c6 3. Nf3 Nf6 4. e3 Bg4 5. Nc3 e6 6. Qb3 Qb6 7. Nh4 Nbd7 8. h3 Bh5 9. g4 Bg6 10. Nxg6 hxg6 11. Bg2 Be7 12. Bd2 0-0 13. 0-0-0 Qxb3 14. axb3 Bb4 15. g5 Nh5 16. h4 a5 17. Kc2 f5 18. Bf3 Nb6 19. Na4 Nxa4 20. bxa4 dxc4 21. Bc3 Rad8 22. Ra1 Rd7 23. Rhd1 Rfd8 24. Be2 b5 25. Bf3 Rd6 26. axb5 cxb5 27. Bxb4 axb4 28. Ra5 Rb8 29. Ra7 Kh7 30. Ra5 Kg8 31. Rda1 f4 32. Ra8 Rxa8 33. Rxa8+ Kh7 34. Rb8 fxe3 35. fxe3 Ng3 36. Rxb5 Nf5 37. Rxb4 Nxe3+ 38. Kc3 e5 39. d5 Nxd5+ 40. Bxd5 Rxd5 41. Rxc4 Kg8 42. b4 Kf7 43. Rc7+ Kf8 44. Ra7 e4 45. Ra5 Rd3+ 46. Kc4 Rh3 47. Re5 Rxh4 48. b5 e3+ 49. Kd3 Rh1 50. Rxe3 Rc1 51. Kd4 Kf7 52. b6 Rb1 53. Kc5 Rc1+ 54. Kb4 Rc6 55. Kb5 Rc1 56. Rb3 Rc8 57. b7 1-0